000 00581nam a2200229 i 4500
001 C2-0070805
003 PPAK
005 20190630222145.0
008 970429s1981 my |||| ||||| | may d
040 _aPPAK
_beng
_cPPAK
_erda
082 0 4 _a539.7
_223
090 0 0 _a539.7
_bKHA
_dKIH
100 0 _aKhalid Ahmad,
_eauthor
245 1 0 _aAtom
264 1 _aKuala Lumpur :
_bDewan Bahasa dan Pustaka ,
_c1981
300 _a38 pages ;
_c22 cm
336 _2rdacontent
_atext
337 _2rdamedia
_aunmediated
338 _2rdacarrier
_avolume
650 1 0 _aAtoms
942 _ddc
_cB
999 _c8408
_d8408